000 00380nam a2200133Ia 4500
008 100328s9999 xx 000 0 und d
082 _b57761
100 _aगोगटे मंदाकिनी
245 _aढलता दिवस
260 _bप्राजक्ता
630 _aढलता दिवस
730 _aढलता दिवस
942 _cBOOK
999 _c544184
_d544181